Terms commonly used in distribution and advertising

Salvato in:
Dettagli Bibliografici
Natura: Libro
Lingua:inglese
francese
tedesco
Pubblicazione: Basel Verlag für Recht und Gesellschaft [s.a.]
Tags: Aggiungi Tag
Nessun Tag, puoi essere il primo ad aggiungerne!!

MARC

LEADER 00000nam a2200000 4500
001 0307587
005 20250311120645.3
041 0 |a eng 
041 0 |a fre 
041 0 |a ger 
044 |a CH 
245 1 0 |a Terms commonly used in distribution and advertising 
264 1 |a Basel  |b Verlag für Recht und Gesellschaft  |c [s.a.]